| 000 | 00636cam a22002178a 4500 | ||
|---|---|---|---|
| 003 | OCoLC | ||
| 005 | 20150903084505.0 | ||
| 008 | 980403r1998 nyu 000 1 eng | ||
| 010 | _a98019318 | ||
| 020 | _a0452280028 | ||
| 040 |
_aDLC _cDLC _dOCL _dGGN |
||
| 043 | _an-us-ny | ||
| 050 | 0 | 0 |
_aPS 3554.O3 _b.D637 1989 |
| 100 | 1 |
_aDoctorow, E. L., _d1931- |
|
| 245 | 1 | 0 |
_aBilly Bathgate : _ba novel / _cE.L. Doctorow. |
| 260 |
_aNew York : _bPlume, _c1989. |
||
| 300 |
_a484 pages ; _c21 cm. |
||
| 600 | 1 | 0 |
_aSchultz, Dutch, _d1900 or 1-1935 _vFiction. |
| 650 | 0 |
_aCriminals _zNew York (State) _zNew York _vFiction. |
|
| 942 |
_2lcc _cBK _kFOR |
||
| 999 |
_c288584 _d288584 |
||